000 00877nam a22002297a 4500
003 OSt
005 20250909144548.0
008 231018b ||||| |||| 00| 0 eng d
040 _c0
082 _aDPer 658.8005 J826 Winter-Fall 2020 v. 28 n. 1-4
100 _aWolf, Marco.
_eauthor.
_949740
245 _aProsumers who home brew :
_ba study of motivations and outcomes /
_cMarco Wolf, Wendy Ritz, and Shaun McQuitty.
260 _aPhiladelphia ;
_bTaylor & Francis Group ,
_cFall 2020.
300 _aVolume 28, pages 541-552 :
_billustration ;
_c28 cm.
500 _aJournal of Marketing Theory and Practice, vol. 28, no. 4, pages 541-552, Fall 2020.
650 _aBrewing.
_949741
650 _aResearch.
_949742
700 _aWolf, Marco.
_eauthor.
_949740
700 _aRitz, Wendy.
_eauthor.
_949743
700 _aMcQuitty, Shaun.
_eauthor.
_949744
942 _2ddc
_cPER
999 _c18369
_d18369